| 000 | 01351nam a2200313Ia 4500 | ||
|---|---|---|---|
| 000 | nam a22 i 4500 | ||
| 001 | UNACH-5999 | ||
| 007 | ta | ||
| 008 | 221212s ||||fr|||| 00| | spa d | ||
| 020 | _a978-968-444-200-9 | ||
| 041 | 0 | _aspa | |
| 082 | 0 | 4 |
_a302.2 _bComunicación |
| 100 | 1 |
_aLozano Rendón, José Carlos, _eautor |
|
| 245 | 1 | 0 | _aTeoría e investigación de la comunicación de masas |
| 250 | _a1a ed | ||
| 264 | 3 | 1 |
_a[México D.F.] : _a[México D.F.] : _bPearson Educación : _bAlhambra Mexicana Editores S.A., _c1996 |
| 300 |
_a233 páginas : _bilustraciones, gráficos |
||
| 336 |
_atexto _btxt _2rdacontent |
||
| 337 |
_ano mediado _bn _2rdamedia |
||
| 338 |
_avolumen _bnc _2rdacarrier |
||
| 504 | _aIncluye Contenido, Bibliografía, Índice onomástico, Índice analítico | ||
| 505 | 0 | _aLa comunicación como campo y objeto de estudio.-- Surgimiento y desarrollo de las teorías de la comunicación de masas.-- Economía política crítica.-- El imperialismo cultural en la comunicación internacional.-- Influencia de los condicionantes productivos.-- El análisis del cultivo y el establecimiento de la agenda. | |
| 650 | 1 | 4 | _aCOMUNICACION PUBLICA |
| 650 | 2 | 4 | _aCOMINICACION DE MASAS |
| 650 | 2 | 4 | _aESTUDIO DE LA COMUNICACION |
| 653 | 0 | _aDinamica en grupo para la comunicación | |
| 942 |
_2ddc _c1 _n0 |
||
| 999 |
_c4861 _d4861 |
||